| 000 | 01190nam a2200229Ia 4500 | ||
|---|---|---|---|
| 001 | L266-21409 | ||
| 003 | IT-CnALBA | ||
| 008 | 170116s9999||||xx |||||||||||||| ||und|| | ||
| 040 |
_aIT-CnALBA _cIT-CnALBA |
||
| 041 | _aITALIANO | ||
| 100 | _aMILLOT P. RENÈ | ||
| 245 | 0 | _aLE MISSIONI, QUADRO ATTUALE. | |
| 250 | _a1a ed. | ||
| 260 |
_aCINISELLO BALSAMO (MI) _bEDIZIONI PAOLINE _c1962 [1° Ed.:1962 - Ed.Ling.Originale: 1960] |
||
| 300 | _a158 p. | ||
| 500 | _aENCICLOPEDIA CATTOLICA DELL'UOMO D'OGGI. TRADUZIONE DAL FRANCESE. CARATTERISTICA DELLE MISSIONI ATTUALI. DOTTRINA E PERSONALE MISSIONARIO. PAESE DI MISSIONE. AZIONE MISSIONARIA. MISSIONI NEL MONDO. LA CHIESA E I MOVIMENTI NAZIONALI IN ASIA ED AFRICA. CHIE | ||
| 501 | _aSocietà San Paolo EM - Piazza San Paolo, 14 - 12051 ALBA (CN) (non commercial uses only) ® Copyright 2017 | ||
| 520 | _aENCICLOPEDIA CATTOLICA DELL'UOMO D'OGGI. TRADUZIONE DAL FRANCESE. CARATTERISTICA DELLE MISSIONI ATTUALI. DOTTRINA E PERSONALE MISSIONARIO. PAESE DI MISSIONE. AZIONE MISSIONARIA. MISSIONI NEL MONDO. LA CHIESA E I MOVIMENTI NAZIONALI IN ASIA ED AFRICA. CHIE | ||
| 650 | _aMISSIONOLOGIA | ||
| 942 | _cBK | ||
| 957 | _71 | ||
| 999 |
_a26149 _bNO _g Copie: 1 _c280512 _d280512 |
||